To nejlepší se Spejblem a Hurvínkem
Uloženo v:
| Další autoři: | , , , , |
|---|---|
| Médium: | E-audiokniha |
| Jazyk: | Czech |
| Vydáno: |
Praha :
Supraphon,
p2010
|
| Témata: | |
| Tagy: |
Žádné tagy |
| LEADER | 03478nim a2200481 aa4500 | ||
|---|---|---|---|
| 001 | 299225 | ||
| 003 | CZ PrSKC | ||
| 005 | 20260426063200.0 | ||
| 007 | sd fmngnnmmnee | ||
| 008 | 100610p20101941xr nnn j efi z cze | ||
| 015 | |a cnb002110916 | ||
| 024 | 1 | |a 099925610029 | |
| 028 | 0 | 1 | |a SU 6100-2 |b Supraphon |
| 040 | |a ABA001 |b cze | ||
| 072 | 7 | |a 821.162.3-3 |x Česká próza |2 Konspekt | |
| 072 | 7 | |a 821-93 |x Literatura pro děti a mládež (beletrie) |2 Konspekt | |
| 080 | |a 821.162.3-34 |2 MRF | ||
| 080 | |a (0:82-2)792.97 |2 MRF | ||
| 080 | |a (086.7.053.2) |2 MRF | ||
| 080 | |a (086.76) |2 MRF | ||
| 245 | 0 | 0 | |a To nejlepší se Spejblem a Hurvínkem |h [zvukový záznam] |
| 260 | |a Praha : |b Supraphon, |c p2010 | ||
| 300 | |a 4 zvukové desky : |b digital, mono, stereo ; |c 12 cm | ||
| 500 | |a Název z pouzdra | ||
| 500 | |a Autor Josef Barchánek, Miloš Kirschner, Helena Štáchová a další | ||
| 500 | |a Původní fonogramy p1941 Esta, p1954-p2007 Supraphon | ||
| 500 | |a Kompaktní desky (AAD, DDD) | ||
| 505 | 0 | 0 | |g CD1: |t 80 let se Spejblem a Hurvínkem : |t Spejbl a Hurvínek Josefa Skupy. |t Hurvínek dělá dobrotu ; |t Hurvínkovy nové šaty ; |t Dovolená u Spejblů ; |t Spejblova kuchařská kniha -- |t Spejbl a Hurvínek Miloše Kirschnera. |t Mániččin vánoční stromeček ; |t Spejbl na rybách ; |t Loutkové divadlo u Spejblů ; |t Kdybych znala tisíc tváří ; |t Mánička a sluníčko -- |t Spejbl a Hurvínek Martina Kláska. |t O lásce ; |t Mánička, dušička ; |t Jak se oblékat ; |t Hurvínek stůně -- |g CD2: |t Spejbl a Hurvínek Josefa Skupy : |t Hurvínek se vzdělává. |t Hurvínek se vzdělává ; |t Hurvínkova fyzika ; |t Spejbl a doba kamenná ; |t Popletený přírodopis ; |t Spejblův zeměpis ; |t Hurvínek v ZOO ; |t Pes obecný ; |t Hurvínek píše úkol ; |t Zdravověda u Spejblů ; |t Spejbl znalec hudební ; |t Zapomenutá slova -- |g CD3: |t Spejbl a Hurvínek Miloše Kirschnera : |t Past na Hurvínka. |t Hurvínek se toulá ; |t Pan Spejbl a paní Kateřina chystají past ; |t Past má sklapnout ve škole ; |t Na scénu vstupuje Drsňák ; |t V pasti skončil Drsňák -- |t Hurvínkův mořský vlk -- |g CD4: |t Spejbl a Hurvínek Martina Kláska : |t Hurvínek mezi Přemyslovci. |t Všude dobře, doma někdy hůře ; |t Návštěva muzea není špatná idea ; |t Lásky dělaj vrásky ; |t Na každého lupiče čeká rána od biče ; |t Kdo byla Anežka, to víme do dneška ; |t Že se Hurvajz nebojí, dokáže nám v souboji ; |t Minulost znát špatné není, přináší nám poučení |
| 511 | 1 | |a Josef Skupa, Miloš Kirschner, Martin Klásek, Helena Štáchová a další | |
| 655 | 7 | |a české pohádky |7 fd133970 |2 czenas | |
| 655 | 7 | |a loutkové hry |7 fd132777 |2 czenas | |
| 655 | 7 | |a zvukové záznamy pro děti a mládež |7 fd186726 |2 czenas | |
| 655 | 7 | |a kompaktní disky |7 fd201991 |2 czenas | |
| 700 | 1 | |a Barchánek, Josef, |d 1922-1992 |7 jk01010772 |4 aut | |
| 700 | 1 | |a Skupa, Josef, |d 1892-1957 |7 jk01111665 |4 act | |
| 700 | 1 | |a Kirschner, Miloš, |d 1927-1996 |7 jk01060205 |4 aut |4 act | |
| 700 | 1 | |a Klásek, Martin, |d 1957- |7 jo20010084536 |4 act | |
| 700 | 1 | |a Štáchová, Helena, |d 1944-2017 |7 jn19990209886 |4 aut |4 act | |
| 900 | |a ABA001 |b 16 | ||
| 044 | |a xr | ||
| 910 | |a RBIT002 | ||
| 998 | |d 398663 |a https://core.palmknihy.cz/api/books/398663/cover?s8uqjs |b https://core.palmknihy.cz/api/books/398663/cover/400?s8uqjs |c https://core.palmknihy.cz/api/books/398663/cover/50?s8uqjs |e 2026-04-30 |i 099925610029 |l 16457 |q 49 |r 1 |s https://www.palmknihy.cz/kniha/398663 |t audiobook |y 2010 |z 0 | ||
| 999 | |d 299223 | ||